[Event "Titled Tue 1st Jul Late"]
[Site "chess.com INT"]
[Date "2025.07.01"]
[Round "6"]
[White "Grutter, Tim"]
[Black "Demchenko, Yaroslav"]
[Result "1/2-1/2"]
[WhiteTitle "IM"]
[BlackTitle "CM"]
[WhiteElo "2404"]
[BlackElo "2263"]
[WhiteFideId "1057472"]
[BlackFideId "14186667"]
[EventDate "2025.07.01"]

1. e4 e6 2. d4 d5 3. Nd2 c5 4. exd5 Qxd5 5. Ngf3 cxd4 6. Bc4 Qd7 7. O-O Nc6 8.
Nb3 a6 9. Re1 Nf6 10. Bf4 Bd6 11. Bxd6 Qxd6 12. Nbxd4 Nxd4 13. Qxd4 Qxd4 14.
Nxd4 O-O 15. a4 Bd7 16. a5 Rac8 17. b3 Rfd8 18. Rac1 Kf8 19. h3 Bc6 20. Nxc6
Rxc6 21. Kf1 Rc5 22. Ra1 Ke7 23. Bd3 Rd4 24. Red1 Nd5 25. Rd2 Nb4 26. Ke2 Nxd3
27. cxd3 Rc3 28. Rb1 Rb4 29. Rdb2 Rd4 30. Rd2 Rb4 31. Rdb2 Rd4 32. Rd2 1/2-1/2

[Event "Titled Tue 1st Jul Late"]
[Site "chess.com INT"]
[Date "2025.07.01"]
[Round "6"]
[White "Klepek, Witold"]
[Black "Ghafourian, Amir Ali"]
[Result "0-1"]
[WhiteTitle "CM"]
[BlackTitle "CM"]
[WhiteElo "2253"]
[BlackElo "2111"]
[WhiteFideId "1175068"]
[BlackFideId "12533831"]
[EventDate "2025.07.01"]

1. c4 e5 2. Nc3 Bb4 3. Qc2 Nf6 4. Nf3 Bxc3 5. Qxc3 e4 6. Nd4 O-O 7. b4 d6 8. Bb2
Re8 9. O-O-O c5 10. bxc5 dxc5 11. Nb3 Qd6 12. g4 Nc6 13. g5 Nh5 14. d3 Qf4+ 15.
e3 Qxf2 16. Rd2 Qe1+ 17. Kc2 Nb4+ 18. Qxb4 cxb4 19. Bg2 exd3+ 20. Rxd3 Qe2+ 21.
Rd2 Qxc4+ 22. Kb1 Bf5+ 23. Ka1 Rxe3 24. Rc1 Qf4 25. Bxb7 Rb8 26. Rcd1 h6 27. Bd5
hxg5 28. Bd4 Rd3 29. Bxa7 Rxd2 30. Rxd2 Qf1+ 31. Kb2 Qb1# 0-1

[Event "Titled Tue 1st Jul Late"]
[Site "chess.com INT"]
[Date "2025.07.01"]
[Round "6"]
[White "Oksendal, Martin"]
[Black "Salinas Herrera, Pablo"]
[Result "0-1"]
[WhiteTitle "FM"]
[BlackTitle "GM"]
[WhiteElo "2235"]
[BlackElo "2447"]
[WhiteFideId "1554107"]
[BlackFideId "3407128"]
[EventDate "2025.07.01"]

1. e4 c5 2. c3 d5 3. exd5 Qxd5 4. d4 Nf6 5. Nf3 e6 6. Be3 cxd4 7. cxd4 Bb4+ 8.
Nc3 O-O 9. Bd3 b6 10. O-O Bxc3 11. bxc3 Bb7 12. c4 Qd7 13. Ne5 Qe7 14. a4 Nc6
15. Nxc6 Bxc6 16. a5 Rab8 17. axb6 axb6 18. Rb1 Rfd8 19. Qe2 Qd7 20. Rfd1 h6 21.
h3 Rdc8 22. d5 exd5 23. Bxb6 Re8 24. Qc2 Ba4 25. Qb2 Bxd1 26. Rxd1 Qc6 27. c5
Qxc5 28. Bxc5 Rxb2 29. Bd4 Rb4 30. Bc3 Rb3 31. Bd4 Ne4 32. Be2 Reb8 33. Kh2 Rb1
34. Rd3 R8b3 35. f3 Rxd3 36. Bxd3 Rd1 0-1

[Event "Titled Tue 1st Jul Late"]
[Site "chess.com INT"]
[Date "2025.07.01"]
[Round "6"]
[White "Mata Gonzalez, Jose Fernando"]
[Black "Przybylski, Wojciech"]
[Result "0-1"]
[WhiteTitle "CM"]
[BlackTitle "FM"]
[WhiteElo "2164"]
[BlackElo "2340"]
[WhiteFideId "5107423"]
[BlackFideId "1117599"]
[EventDate "2025.07.01"]

1. e4 c6 2. d4 d5 3. e5 c5 4. c3 Nc6 5. h3 Bf5 6. Bd3 Bxd3 7. Qxd3 e6 8. Ne2 Rc8
9. a3 cxd4 10. cxd4 Nge7 11. O-O Nf5 12. Nbc3 Be7 13. Be3 h5 14. Ng3 g6 15. Nxf5
gxf5 16. b4 Nb8 17. Rac1 a6 18. Na4 Nc6 19. Nc5 Bxc5 20. Rxc5 Qd7 21. Bg5 Rg8
22. h4 Na7 23. Rfc1 Rxc5 24. Rxc5 Nc6 25. b5 axb5 26. Qxb5 Kf8 27. Bf6 Rg4 28.
Qa4 Qe8 29. Rb5 Nxd4 30. Qb4+ Kg8 31. Qd2 Nf3+ 0-1

[Event "Titled Tue 1st Jul Late"]
[Site "chess.com INT"]
[Date "2025.07.01"]
[Round "6"]
[White "Plichta, Kamil"]
[Black "Lizak, Jakub"]
[Result "1-0"]
[WhiteTitle "FM"]
[BlackTitle "CM"]
[WhiteElo "2361"]
[BlackElo "2219"]
[WhiteFideId "1141830"]
[BlackFideId "1158520"]
[EventDate "2025.07.01"]

1. Nf3 Nf6 2. g3 g6 3. Bg2 Bg7 4. O-O O-O 5. d4 d5 6. a4 a5 7. Re1 Bf5 8. Nc3
Ne4 9. Nh4 Nxc3 10. bxc3 c6 11. Rb1 Ra7 12. Ba3 Nd7 13. Nxf5 gxf5 14. Qd3 e6 15.
Bxf8 Qxf8 16. c4 dxc4 17. Qxc4 Qa3 18. e4 fxe4 19. Bxe4 Nf6 20. Bg2 Qe7 21. Qb3
b5 22. Bxc6 b4 23. c3 Rc7 24. d5 Ng4 25. cxb4 Bd4 26. Re2 Qf6 27. Rf1 axb4 28.
dxe6 Rxc6 29. e7 Qh6 30. e8=Q+ 1-0

[Event "Titled Tue 1st Jul Late"]
[Site "chess.com INT"]
[Date "2025.07.01"]
[Round "6"]
[White "Nguyen, Ngoc Truong Son"]
[Black "Boci, Mateu"]
[Result "1-0"]
[WhiteTitle "GM"]
[BlackTitle "FM"]
[WhiteElo "2600"]
[BlackElo "2274"]
[WhiteFideId "12401110"]
[BlackFideId "4704665"]
[EventDate "2025.07.01"]

1. e4 c5 2. c3 Nf6 3. e5 Nd5 4. Nf3 e6 5. d4 cxd4 6. cxd4 d6 7. Nc3 Nxc3 8. bxc3
dxe5 9. Nxe5 Be7 10. Bd3 Nd7 11. f4 Qc7 12. Bd2 Nxe5 13. fxe5 Bd7 14. O-O Bc6
15. Qg4 g6 16. Bh6 Bd5 17. c4 Bxc4 18. Rac1 b5 19. Rxf7 Qc6 20. Be4 Qb6 21. Qf3
Rc8 22. Rxe7+ Kxe7 23. Qf6+ Ke8 24. Qxh8+ Kd7 25. Qxh7+ 1-0

[Event "Titled Tue 1st Jul Late"]
[Site "chess.com INT"]
[Date "2025.07.01"]
[Round "6"]
[White "Andrade, Ivan"]
[Black "Shymanskyi, Oleksandr"]
[Result "0-1"]
[WhiteTitle "FM"]
[BlackTitle "FM"]
[WhiteElo "2144"]
[BlackElo "2218"]
[WhiteFideId "14800039"]
[BlackFideId "14168880"]
[EventDate "2025.07.01"]

1. e4 c5 2. Nf3 Nc6 3. d4 cxd4 4. Nxd4 g6 5. c4 Nf6 6. Nc3 d6 7. Be2 Nxd4 8.
Qxd4 Bg7 9. O-O O-O 10. Qd1 a5 11. Be3 a4 12. Rc1 Bd7 13. h3 Qa5 14. Qd2 Rfc8
15. f4 Be6 16. b3 axb3 17. axb3 Qb4 18. f5 Bd7 19. Bd1 Bc6 20. Bc2 Nd7 21. Bd4
Bxd4+ 22. Qxd4 Qc5 23. Ne2 Ra2 24. Kh1 b5 25. Qxc5 Nxc5 26. Nc3 Rb2 27. cxb5 Bb7
28. Na4 Nxa4 29. bxa4 Rcxc2 30. Rxc2 Rxc2 31. fxg6 hxg6 32. Ra1 Bxe4 33. a5 Rxg2
34. Ra4 Ba8 0-1

[Event "Titled Tue 1st Jul Late"]
[Site "chess.com INT"]
[Date "2025.07.01"]
[Round "6"]
[White "Povshednyi, Ivan"]
[Black "Nihal, Sarin"]
[Result "0-1"]
[WhiteTitle "FM"]
[BlackTitle "GM"]
[WhiteElo "2309"]
[BlackElo "2696"]
[WhiteFideId "14190907"]
[BlackFideId "25092340"]
[EventDate "2025.07.01"]

1. Nf3 d6 2. d4 Nf6 3. g3 c6 4. Bg2 g6 5. O-O Bg7 6. Re1 O-O 7. e4 Bg4 8. h3
Bxf3 9. Qxf3 Nfd7 10. c3 c5 11. d5 c4 12. Qe2 Ne5 13. Rd1 Nbd7 14. Na3 Rc8 15.
f4 Nd3 16. Be3 b5 17. Nxb5 Rb8 18. Nd4 Rxb2 19. Rd2 Rxd2 20. Qxd2 Qa5 21. Rb1
Rb8 22. Rxb8+ Nxb8 23. Bf1 Nd7 24. Bxd3 cxd3 25. Qxd3 Qxa2 26. Nc6 Bf6 27. Bxa7
e5 28. dxe6 Qxe6 29. Kg2 Qa2+ 30. Bf2 Nc5 31. Qd5 Qe2 32. e5 Nd3 33. Qd4 Ne1+
34. Kg1 Nf3+ 35. Kg2 Nxd4 36. Nxd4 Qe4+ 37. Kg1 dxe5 38. fxe5 Bxe5 0-1

[Event "Titled Tue 1st Jul Late"]
[Site "chess.com INT"]
[Date "2025.07.01"]
[Round "6"]
[White "Vigoa Apecheche, Yanira"]
[Black "Castillo Pena, Patricia Evarista"]
[Result "1-0"]
[WhiteTitle "WGM"]
[BlackTitle "WFM"]
[WhiteElo "2232"]
[BlackElo "1909"]
[WhiteFideId "3507041"]
[BlackFideId "6412106"]
[EventDate "2025.07.01"]

1. d4 d5 2. c4 c6 3. Nc3 Nf6 4. Bg5 e6 5. Nf3 Nbd7 6. e3 Be7 7. Bd3 dxc4 8. Bxc4
b5 9. Bd3 Bb7 10. Rc1 a6 11. O-O c5 12. Bb1 O-O 13. dxc5 Nxc5 14. Qe2 Qb6 15. e4
Rfe8 16. e5 Nd5 17. Nxd5 Bxd5 18. Be3 b4 19. Bxc5 Bxc5 20. Qc2 Bxf3 21. Qxh7+
Kf8 22. gxf3 Rec8 23. Qh8+ Ke7 24. Qh4+ g5 25. Qxg5+ Kf8 26. Qh6+ Ke7 27. Qf6+
Kf8 28. Kh1 Bxf2 29. Rxc8+ Rxc8 30. Qh8+ Ke7 31. Qxc8 Qe3 32. Be4 1-0

[Event "Titled Tue 1st Jul Late"]
[Site "chess.com INT"]
[Date "2025.07.01"]
[Round "6"]
[White "Eswaran, Ashritha"]
[Black "Obregon Rivero, Juan Carlos"]
[Result "1-0"]
[WhiteTitle "FM"]
[BlackTitle "GM"]
[WhiteElo "2236"]
[BlackElo "2477"]
[WhiteFideId "2080788"]
[BlackFideId "3507815"]
[EventDate "2025.07.01"]

1. e4 c5 2. Nf3 d6 3. Nc3 Nf6 4. e5 dxe5 5. Nxe5 Nbd7 6. d4 cxd4 7. Qxd4 e6 8.
Bf4 a6 9. O-O-O Be7 10. g4 Nxe5 11. Qxe5 Qb6 12. g5 Nh5 13. Be3 Qc6 14. Be2 Nf6
15. gxf6 Bxf6 16. Qd6 Qxd6 17. Rxd6 O-O 18. Rhd1 Be5 19. Rd8 Bc7 20. Rxf8+ Kxf8
21. Bc5+ Ke8 22. Bf3 Bxh2 23. Bb6 Bd7 24. Kb1 Rc8 25. Rh1 Be5 26. Rxh7 g6 27.
Be3 Bc6 28. Ne4 Rd8 29. Kc1 Bd4 30. Bg5 Rd5 31. Bf6 1-0

[Event "Titled Tue 1st Jul Late"]
[Site "chess.com INT"]
[Date "2025.07.01"]
[Round "6"]
[White "Ferrara, Enzo"]
[Black "Yatskar, Martin"]
[Result "0-1"]
[BlackTitle "CM"]
[WhiteElo "2138"]
[BlackElo "2225"]
[WhiteFideId "137731"]
[BlackFideId "34109676"]
[EventDate "2025.07.01"]

1. d4 d5 2. Nf3 c5 3. c4 e6 4. e3 Nf6 5. Nc3 Nc6 6. cxd5 exd5 7. Bb5 Bd6 8. dxc5
Bxc5 9. Qa4 Bd7 10. Qb3 a6 11. Bd3 O-O 12. O-O Be6 13. Qa4 h6 14. a3 Qe7 15. b4
Bb6 16. Bb2 Bg4 17. Be2 Rfe8 18. Rad1 Rad8 19. b5 axb5 20. Qxb5 Bxe3 21. fxe3
Qxe3+ 22. Rf2 d4 23. Rd3 Qe7 24. Nd1 Rd5 25. Qb3 Ne4 26. Qxd5 Nxf2 27. Nxf2 Qxe2
28. Rd2 Qe1+ 29. Nxe1 Rxe1# 0-1

[Event "Titled Tue 1st Jul Late"]
[Site "chess.com INT"]
[Date "2025.07.01"]
[Round "6"]
[White "Hernandez Samayoa, Dilan Alexander"]
[Black "Dobrosmyslov, Artem"]
[Result "0-1"]
[BlackTitle "FM"]
[WhiteElo "2006"]
[BlackElo "2260"]
[WhiteFideId "7306679"]
[BlackFideId "24139521"]
[EventDate "2025.07.01"]

1. e4 Nc6 2. d4 d5 3. exd5 Qxd5 4. Nf3 Bg4 5. Nc3 Qh5 6. h3 Bxf3 7. gxf3 O-O-O
8. Be3 e5 9. d5 Bb4 10. Be2 Nf6 11. f4 Qh4 12. fxe5 Nxd5 13. Bg4+ Kb8 14. Bd2
Nxc3 15. bxc3 Bxc3 16. Bxc3 Rxd1+ 17. Rxd1 Nxe5 18. Bxe5 Re8 19. Kf1 Rxe5 20.
Rd7 f5 21. Rxg7 a6 22. Be2 Rxe2 23. Kxe2 Qe4+ 24. Kf1 Qxh1+ 25. Ke2 Qxh3 26.
Rg8+ Ka7 27. Rg3 Qh5+ 28. Rf3 f4 29. Kd3 Qxf3+ 0-1

[Event "Titled Tue 1st Jul Late"]
[Site "chess.com INT"]
[Date "2025.07.01"]
[Round "6"]
[White "Javakhadze, Zurab"]
[Black "Bluebaum, Matthias"]
[Result "0-1"]
[WhiteTitle "IM"]
[BlackTitle "GM"]
[WhiteElo "2418"]
[BlackElo "2663"]
[WhiteFideId "13603647"]
[BlackFideId "24651516"]
[EventDate "2025.07.01"]

1. d4 d5 2. c4 e6 3. Nc3 Bb4 4. cxd5 exd5 5. Nf3 Nf6 6. Bg5 h6 7. Bxf6 Qxf6 8.
Qa4+ Nc6 9. e3 O-O 10. Be2 Be6 11. O-O a6 12. Rac1 Bd6 13. Qb3 Ne7 14. Na4 b6
15. Nc3 g5 16. Qc2 g4 17. Nd2 h5 18. e4 Qxd4 19. exd5 Nxd5 20. Nde4 Nxc3 21.
bxc3 Qe5 22. Nxd6 Qxd6 23. f3 a5 24. fxg4 hxg4 25. Qe4 f5 26. Qa4 Rad8 27. Kh1
Kg7 28. Rcd1 Qe5 29. Rde1 Rh8 30. h3 gxh3 31. g4 Bd5+ 32. Bf3 Bxf3+ 0-1

[Event "Titled Tue 1st Jul Late"]
[Site "chess.com INT"]
[Date "2025.07.01"]
[Round "6"]
[White "Romany, Joy"]
[Black "Kurpiewski, Slawomir"]
[Result "0-1"]
[WhiteTitle "WIM"]
[BlackTitle "CM"]
[WhiteElo "1960"]
[BlackElo "1973"]
[WhiteFideId "10656820"]
[BlackFideId "1114530"]
[EventDate "2025.07.01"]

1. d4 f5 2. c4 Nf6 3. Nf3 g6 4. g3 Bg7 5. Bg2 O-O 6. O-O d6 7. Nc3 Qe8 8. d5 a5
9. Nd4 Na6 10. Ncb5 Bd7 11. a4 c6 12. dxc6 bxc6 13. Nxc6 Bxc6 14. f3 Nb4 15. Nd4
Bb7 16. Ne6 Rf7 17. Nc7 Qc6 18. Nxa8 Bxa8 19. Rf2 e5 20. b3 e4 21. Bg5 Qc5 22.
Rc1 h6 23. Bf4 Rd7 24. h4 Nh5 25. fxe4 Nxf4 26. gxf4 Bd4 27. Qe1 Bxf2+ 28. Qxf2
Bxe4 29. Bxe4 fxe4 30. e3 Nd3 31. Qg2 Nxc1 32. Qxg6+ Rg7 0-1

[Event "Titled Tue 1st Jul Late"]
[Site "chess.com INT"]
[Date "2025.07.01"]
[Round "6"]
[White "Yang, Larry"]
[Black "Schmider, Niklas"]
[Result "0-1"]
[BlackTitle "IM"]
[WhiteElo "2017"]
[BlackElo "2421"]
[WhiteFideId "2637618"]
[BlackFideId "12993778"]
[EventDate "2025.07.01"]

1. e4 e5 2. Nf3 Nc6 3. Bc4 Bc5 4. c3 Nf6 5. d4 exd4 6. e5 d5 7. Be2 Ne4 8. cxd4
Be7 9. Nc3 O-O 10. O-O Bg4 11. Be3 f6 12. exf6 Bxf6 13. Rc1 Nxc3 14. bxc3 Na5
15. h3 Bxf3 16. Bxf3 Nc4 17. Bf4 Bg5 18. Bxg5 Qxg5 19. Kh1 c6 20. Be2 Nd2 21.
Rg1 Ne4 22. Kh2 Rxf2 23. Qe1 Qf4+ 24. Kh1 Ng3+ 25. Kh2 Nf1+ 26. Kh1 Qh2# 0-1

[Event "Titled Tue 1st Jul Late"]
[Site "chess.com INT"]
[Date "2025.07.01"]
[Round "6"]
[White "Slovineanu, Viacheslav"]
[Black "Romero Ruscalleda, Josep"]
[Result "1-0"]
[WhiteTitle "IM"]
[BlackTitle "FM"]
[WhiteElo "2412"]
[BlackElo "2110"]
[WhiteFideId "13900510"]
[BlackFideId "2231859"]
[EventDate "2025.07.01"]

1. d4 g6 2. e4 Bg7 3. Nc3 d6 4. Be3 a6 5. Nf3 b5 6. h4 Nf6 7. Bd3 Bb7 8. Qd2 b4
9. Nd5 Nxd5 10. exd5 Bxd5 11. Bh6 Bxh6 12. Qxh6 Bxf3 13. gxf3 Nc6 14. h5 gxh5
15. Rxh5 Qd7 16. O-O-O Rf8 17. Qxh7 Nxd4 18. Be4 Nc6 19. Bd5 O-O-O 20. Qe4 Ne5
21. Bb7+ Kb8 22. Rxe5 c5 23. Rxe7 Qb5 24. Bc6 d5 25. Qf4+ 1-0

[Event "Titled Tue 1st Jul Late"]
[Site "chess.com INT"]
[Date "2025.07.01"]
[Round "6"]
[White "Lebedev, Artem S."]
[Black "Gholami Orimi, Mahdi"]
[Result "1-0"]
[WhiteTitle "CM"]
[BlackTitle "GM"]
[WhiteElo "2164"]
[BlackElo "2511"]
[WhiteFideId "34272747"]
[BlackFideId "12558486"]
[EventDate "2025.07.01"]

1. e4 g6 2. d4 Bg7 3. Nc3 c6 4. h3 d5 5. e5 c5 6. dxc5 d4 7. Ne4 Bxe5 8. Nf3 Bg7
9. Bd3 Nc6 10. O-O f5 11. Ned2 e5 12. Nc4 e4 13. Nd6+ Kf8 14. Re1 Nf6 15. Ng5
exd3 16. Qxd3 Ne7 17. Bf4 Ned5 18. Be5 h6 19. Ngf7 Qd7 20. Qxd4 Rh7 21. c4 Qc6
22. cxd5 Qxd5 23. Bxf6 Qxd4 24. Re8# 1-0

[Event "Titled Tue 1st Jul Late"]
[Site "chess.com INT"]
[Date "2025.07.01"]
[Round "6"]
[White "Tang, Austin"]
[Black "Hariharan, Shambavi"]
[Result "1-0"]
[BlackTitle "WCM"]
[WhiteElo "1979"]
[BlackElo "1936"]
[WhiteFideId "30964580"]
[BlackFideId "488160"]
[EventDate "2025.07.01"]

1. d4 d5 2. c4 e6 3. Nf3 Nf6 4. e3 Bb4+ 5. Nbd2 O-O 6. a3 Be7 7. b4 a5 8. b5 c6
9. Bb2 a4 10. Rc1 dxc4 11. Bxc4 cxb5 12. Bd3 Bd7 13. O-O b4 14. axb4 Bxb4 15.
Ne5 a3 16. Ba1 Ba4 17. Qe2 Nc6 18. Ndf3 Nd7 19. Nxc6 Bxc6 20. e4 h6 21. Bb1 Nb6
22. Ne5 Ba4 23. Qg4 Qf6 24. d5 Qg5 25. dxe6 Qxg4 26. exf7+ Kh8 27. Nxg4 Rxf7 28.
Nxh6 Re7 29. Nf5 Rd7 30. Ba2 Re8 31. h4 Rxe4 32. h5 Bd2 33. h6 Nd5 34. hxg7+ Kg8
35. Rc8+ 1-0

[Event "Titled Tue 1st Jul Late"]
[Site "chess.com INT"]
[Date "2025.07.01"]
[Round "6"]
[White "Faryma, Matviy"]
[Black "Marichal Gonzalez, Ariel"]
[Result "1-0"]
[BlackTitle "IM"]
[WhiteElo "2230"]
[BlackElo "2268"]
[WhiteFideId "1961578"]
[BlackFideId "3503232"]
[EventDate "2025.07.01"]

1. b3 Nf6 2. Bb2 d5 3. Nf3 Bf5 4. g3 e6 5. Bg2 Nbd7 6. O-O Be7 7. d3 O-O 8. Nbd2
c6 9. c4 Qc7 10. a3 Rad8 11. b4 dxc4 12. Nxc4 b5 13. Nce5 Nxe5 14. Nxe5 Nd5 15.
Rc1 Bf6 16. Rxc6 Qb8 17. Qa1 Ne7 18. Rc2 Qb6 19. Rfc1 Bg5 20. Nc6 Nxc6 21. Rxc6
Qb8 22. f4 Be7 23. Bxg7 Rfe8 24. Be5 Bd6 25. Bf6 Be7 26. Bxe7 Rxe7 27. Qf6 Qb7
28. Rd6 Qb8 29. Qxe7 Qxd6 30. Qxd6 Rxd6 31. Rc6 Rd7 32. Kf2 h5 33. e4 Bg6 34.
Ke3 Kf8 35. h3 Ke7 36. Bf3 f5 37. e5 Kd8 38. d4 Bf7 39. Be2 Rc7 40. Rxc7 Kxc7
41. Bxb5 Kb6 42. Bd3 a5 43. Kd2 axb4 44. axb4 Kc6 45. Kc3 Kd5 46. Bc2 Be8 47.
Bd3 Kc6 48. Bc4 Kb6 49. Bxe6 Bg6 50. Kc4 h4 51. gxh4 1-0

[Event "Titled Tue 1st Jul Late"]
[Site "chess.com INT"]
[Date "2025.07.01"]
[Round "6"]
[White "Alazmi, Amani"]
[Black "Avalos Parra, Joao"]
[Result "0-1"]
[WhiteTitle "WCM"]
[BlackTitle "FM"]
[WhiteElo "1725"]
[BlackElo "2150"]
[WhiteFideId "10303553"]
[BlackFideId "3402541"]
[EventDate "2025.07.01"]

1. e4 e5 2. Nf3 Nc6 3. Nc3 Nf6 4. d4 exd4 5. Nxd4 Bb4 6. Nxc6 bxc6 7. e5 Qe7 8.
Be2 Qxe5 9. O-O O-O 10. Re1 d5 11. Bb5 Qd6 12. Bd3 Bg4 13. Qd2 d4 14. a3 dxc3
15. bxc3 Bc5 16. Qg5 h6 17. Qh4 Rfe8 18. Bxh6 gxh6 19. Qxh6 Re5 20. Rxe5 Qxe5
21. h3 Be6 22. g4 Qg3+ 23. Kh1 Qf3+ 24. Kg1 Qxf2+ 25. Kh1 Bd5+ 0-1

[Event "Titled Tue 1st Jul Late"]
[Site "chess.com INT"]
[Date "2025.07.01"]
[Round "6"]
[White "Neklyudov, Viacheslav I."]
[Black "Qiao, Cindy"]
[Result "1-0"]
[WhiteTitle "IM"]
[BlackTitle "WFM"]
[WhiteElo "2432"]
[BlackElo "1899"]
[WhiteFideId "4125703"]
[BlackFideId "2620243"]
[EventDate "2025.07.01"]

1. e4 e6 2. d4 d5 3. Nc3 dxe4 4. Nxe4 Nd7 5. Nf3 Ngf6 6. Nxf6+ Nxf6 7. Bd3 c5 8.
dxc5 Bxc5 9. Qe2 O-O 10. Bf4 b6 11. O-O Bb7 12. Rad1 Qe7 13. Bg5 h6 14. Bh4 Rad8
15. Ne5 Bd4 16. c3 Bxe5 17. Qxe5 Rd5 18. Bxf6 gxf6 19. Qe3 Rg5 20. f3 f5 21. Bb5
Rd8 22. Rxd8+ Qxd8 23. Be2 Qf6 24. Rd1 Qg6 25. Qf2 h5 26. h4 Rg3 27. Kh2 f4 28.
Rd8+ Kg7 29. Qd4+ Qf6 30. Rg8+ 1-0

[Event "Titled Tue 1st Jul Late"]
[Site "chess.com INT"]
[Date "2025.07.01"]
[Round "6"]
[White "Danzer, George"]
[Black "Watanabe, Akira"]
[Result "0-1"]
[WhiteTitle "CM"]
[BlackTitle "FM"]
[WhiteElo "2172"]
[BlackElo "2284"]
[WhiteFideId "4659465"]
[BlackFideId "7000227"]
[EventDate "2025.07.01"]

1. e4 c5 2. Nf3 d6 3. d4 cxd4 4. Nxd4 Nf6 5. Nc3 a6 6. Bg5 e6 7. f4 Qb6 8. Qd2
Qxb2 9. Rb1 Qa3 10. f5 Nc6 11. fxe6 fxe6 12. Nxc6 bxc6 13. Bxf6 gxf6 14. Be2 h5
15. O-O Be7 16. Kh1 Qa5 17. Qe3 Qg5 18. Qd3 h4 19. Bf3 e5 20. Rb6 Bd7 21. Rb7
Rd8 22. Qxa6 Qd2 23. Qd3 Qg5 24. a4 h3 25. g3 Bg4 26. a5 Bxf3+ 27. Qxf3 Qd2 28.
a6 Ra8 29. a7 Qd4 30. Rb8+ Kd7 31. Qf5+ Kc7 32. Rfb1 Rhxb8 33. axb8=Q+ Rxb8 34.
Rxb8 Kxb8 0-1

[Event "Titled Tue 1st Jul Late"]
[Site "chess.com INT"]
[Date "2025.07.01"]
[Round "6"]
[White "Bacrot, Etienne"]
[Black "Maghsoodloo, Parham"]
[Result "0-1"]
[WhiteTitle "GM"]
[BlackTitle "GM"]
[WhiteElo "2633"]
[BlackElo "2691"]
[WhiteFideId "605506"]
[BlackFideId "12539929"]
[EventDate "2025.07.01"]

1. e4 c5 2. Nf3 d6 3. c3 Nf6 4. Be2 g6 5. O-O Bg7 6. Bb5+ Nbd7 7. Re1 a6 8. Ba4
b5 9. Bc2 c4 10. a4 Bb7 11. axb5 axb5 12. Rxa8 Qxa8 13. Na3 O-O 14. Nxb5 Bxe4
15. Bxe4 Nxe4 16. d3 cxd3 17. Qxd3 Ndc5 18. Qe2 d5 19. c4 Rc8 20. Ng5 Nxg5 21.
Bxg5 dxc4 22. Bxe7 Nd3 23. Rd1 Rb8 24. Nd6 Rxb2 25. Qg4 h5 26. Qxc4 Rxf2 27. Qe4
Qa7 0-1

[Event "Titled Tue 1st Jul Late"]
[Site "chess.com INT"]
[Date "2025.07.01"]
[Round "6"]
[White "Krishnakumar, Sriram"]
[Black "Jing, Andrew"]
[Result "0-1"]
[WhiteTitle "FM"]
[BlackTitle "FM"]
[WhiteElo "2197"]
[BlackElo "2292"]
[WhiteFideId "30915856"]
[BlackFideId "30984076"]
[EventDate "2025.07.01"]

1. e4 e5 2. Nf3 Nc6 3. Bc4 Nf6 4. d3 Bc5 5. c3 d6 6. a4 a5 7. Nbd2 O-O 8. h3 Be6
9. O-O Ba7 10. Bb3 d5 11. Ng5 h6 12. Nxe6 fxe6 13. Qe2 Qd7 14. Nf3 Rae8 15. Be3
Bxe3 16. Qxe3 Nh5 17. g3 Kh8 18. Kg2 d4 19. Qe2 Qf7 20. Nh2 Qg6 21. Qg4 Qf7 22.
Rac1 Nf6 23. Qe2 Qd7 24. Bc4 Qd6 25. Nf3 Nd7 26. Rfd1 Rf6 27. Nh2 Ref8 28. Ng4
R6f7 29. Rf1 Nc5 30. Bb5 Nd7 31. Nh2 Nd8 32. Bc4 c6 33. Bb3 Nc5 34. Bc2 b5 35.
axb5 cxb5 36. Ra1 a4 37. Ra2 Nc6 38. Ng4 b4 39. cxb4 Nxb4 40. Ra3 h5 41. Nh2 g6
42. Bxa4 Nbxd3 43. Rxd3 Nxa4 44. Ra1 Qb4 45. Qd2 Qxb2 46. Qxb2 Nxb2 47. Rd2 Nc4
48. Rc2 Nd6 49. f3 Rc8 50. Rxc8+ Nxc8 51. Ra6 Rd7 52. g4 d3 53. Nf1 d2 54. Nxd2
Rxd2+ 55. Kg3 Nd6 56. gxh5 g5 57. Kg4 Rg2# 0-1

[Event "Titled Tue 1st Jul Late"]
[Site "chess.com INT"]
[Date "2025.07.01"]
[Round "6"]
[White "Jimenez Salas, Maria Teresa"]
[Black "Sinkar, Anagha Aniket"]
[Result "0-1"]
[WhiteTitle "WIM"]
[BlackTitle "WCM"]
[WhiteElo "2170"]
[BlackElo "1776"]
[WhiteFideId "3843866"]
[BlackFideId "30974780"]
[EventDate "2025.07.01"]

1. e4 c5 2. Nf3 Nc6 3. d4 cxd4 4. Nxd4 g6 5. c4 Nf6 6. Nc3 d6 7. f3 Bg7 8. Be3
Nxd4 9. Qxd4 O-O 10. Qd2 b6 11. Be2 Bb7 12. O-O Qd7 13. Rac1 Rfd8 14. Rfd1 e6
15. Bg5 Rac8 16. Qe3 d5 17. cxd5 exd5 18. Bxf6 Bxf6 19. Nxd5 Bxd5 20. Rxd5 Qe7
21. Rxd8+ Qxd8 22. Rxc8 Qxc8 23. Qd2 Qc5+ 24. Kf1 Bd4 25. b3 Be3 26. Qd1 Qc3 27.
Bc4 Qb2 28. Qe1 Bc5 29. a4 Qd4 30. Ke2 Qb2+ 31. Qd2 Qb1 32. f4 Qg1 33. Kf3 Qxh2
34. Qd8+ Kg7 35. Qg5 Qg1 36. Qe5+ Kf8 37. Qh8+ Ke7 38. Qe5+ Kf8 39. Qh8+ Ke7 40.
Qg8 Qf2+ 41. Kg4 Qxg2+ 42. Kh4 Bf2# 0-1

[Event "Titled Tue 1st Jul Late"]
[Site "chess.com INT"]
[Date "2025.07.01"]
[Round "6"]
[White "Kravtsiv, Martyn"]
[Black "Baturin-Vinogradov, Miroslav"]
[Result "1-0"]
[WhiteTitle "GM"]
[BlackTitle "CM"]
[WhiteElo "2598"]
[BlackElo "2046"]
[WhiteFideId "14113147"]
[BlackFideId "55745741"]
[EventDate "2025.07.01"]

1. e4 c5 2. Nc3 Nc6 3. Bb5 g6 4. Bxc6 dxc6 5. f4 Bg7 6. Nf3 Bg4 7. h3 Bxf3 8.
Qxf3 Nf6 9. O-O Qd4+ 10. Kh1 O-O-O 11. d3 h5 12. Be3 Qb4 13. Rab1 Nd7 14. e5 f6
15. a3 Qa5 16. b4 Qxa3 17. Ne4 fxe5 18. Ra1 Qb2 19. Rxa7 Qxb4 20. Nd2 exf4 21.
Rb1 Ne5 22. Rxb4 Nxf3 23. Rbxb7 fxe3 24. Nc4 1-0